000
00281nam a2200097Ia 4500
001
1290445
005
20260417164515.0
008
260417s9999 xx 000 0 und d
245
0
_a
KURTULUŞUN KAHRAMANLARI GÖRDESLİ MAKBULE
_c
İSMAİL BİLGİN
260
_b
TİMAŞ ÇOCUK YAYINLARI
999
_c
1290445
_d
1290445